[Event "FRA-ch op-A"]
[Site "Reims"]
[Date "2004.04.18"]
[Round "1"]
[White "Buffe, Remi"]
[Black "Baranger, Hugo"]
[Result "1-0"]
[WhiteElo "1900"]
[BlackElo "1360"]
[PlyCount "55"]
[EventDate "2004.04.??"]
[EventType "swiss"]
[EventRounds "9"]
[EventCountry "FRA"]
[SourceTitle "EXT 2005"]
[Source "ChessBase"]
[SourceDate "2004.11.15"]
[SourceVersion "1"]
[SourceVersionDate "2004.11.15"]
[SourceQuality "1"]

1. d4 Nf6 2. c4 g6 3. Nc3 Bg7 4. e4 d6 5. Nf3 Nbd7 6. Be2 c6 7. 0-0 0-0 8. Be3 e5 9. Qc2 Qc7 10. Rad1 Re8 11. d5 c5 12. a3 Rf8 13. b4 b6 14. Nb5 Qb8 15. bxc5 bxc5 16. Rb1 a6 17. Nbd4 Qc7 18. Nb3 Ne8 19. Bd2 Qd8 20. Na5 Qc7 21. Nc6 Nb8 22. Ba5 Qd7 23. Nxb8 Qg4 24. Nxe5 Qg5 25. Nf3 Qh6 26. Bd2 Qh5 27. Be3 f5 28. Ng5 1-0